000 01570cam a2200433 a 4500
999 _c23932
_d23932
001 vtls001289495
005 20250926100741.0
008 240322s1997 xo a gr 000 d slo
020 _a8085718367
_q(brožované)
035 _aSNK000241117
040 _aSNK
_bslo
_cSNK
_eAACR2
041 0 _aslo
044 _axo
_cSK
072 7 _a821.162.4
_xSlovenská literatúra
_2konspekt
072 7 _a821.162.4-2
_xSlovenská dráma
_2konspekt
080 _a821.162.4-2
_22011
080 _a(0:82-2)
_22011
080 _a(082.21)
_22011
245 0 0 _aSlovenská dráma 1996
_b[zborník divadelných hier]
_c[zostavil a redakčne pripravil Andrej Maťašík]
260 _aBratislava
_bTália-press
_c1997
300 _a191 s.
_c21 cm
500 _aÚdaj o zostavovateľovi prevzatý z frontispice
500 _aObsahuje 5 divadelných hier
655 7 _aTheatre plays
_2SNKPHeng
_92011
655 7 _aSelections
_2SNKPHeng
_92005
655 7 _aslovenské drámy
_2SNKPH
_94842
655 7 _adivadelné hry
_2SNKPH
_92008
655 7 _avýbery
_2SNKPH
_92003
655 7 _aSlovak drama
_2SNKPHeng
_94843
700 1 _aMaťašík, Andrej,
_d1953-2017
_4com
_94844
700 1 2 _aHolub, Ivan,
_d1964-
_tPohreb
_4aut
_94845
700 1 2 _aScherhaufer, Peter,
_d1942-1999
_tKde leží naša bieda?
_4aut
_94846
700 1 2 _aČičvák, Martin,
_d1975-
_tDom, kde sa to robí dobre
_4aut
_94847
700 1 2 _aOľha, Matúš,
_d1959-
_tNeprebudený
_4aut
_94848
700 1 2 _aKukučín, Martin,
_d1860-1928
_tNeprebudený
_4aut
_94849
958 _aEUIPO
958 _aOND
958 _aLX